000 01021nam a2200277 i 4500
001 14746
003 ES-MaACL
005 20250830031707.0
007 t|
008 990531s1999 sp ||||1| spa d
020 _a84-7426-407-3
080 _a32(65)"1962/..."
245 0 0 _aIdentidades para la paz
_b: Argelia por la reconciliación nacional /
_cSoledad Obispo y Olga Rufins (coord.).
260 _aBarcelona :
_bIcaria,
_c1999.
300 _a181 p. ;
_c22 cm.
490 1 _aIcaria antrazyt ;
_v134
500 _aEn la cubierta: Campaña por la Paz en Argelia.
500 _aPonencias presentadas durante las jornadas auspiciadas en el marco de la Campaña por la Paz en Argelia, abril-mayo 1997.
651 4 _aArgelia-
_xPolítica y gobierno.
_9168702
700 1 _aObispo, Soledad
_986409
700 1 _aRufins, Olga.
_9100553
710 2 _aCampaña por la Paz en Argelia.
_92417
830 0 _aIcaria antrazyt
_v134
_9177286
852 _aES-MaACL
_jL-22020
_bR.127328
999 _c14746
_d14746